| 000 | 01354cam a22003011 4500 | ||
|---|---|---|---|
| 001 | sa 68018585 | ||
| 003 | DLC | ||
| 005 | 20260227112713.0 | ||
| 008 | 890922s1963 ii b 000 0 arar | ||
| 010 | _asa 68018585 | ||
| 025 | _aPL480:I-Ar-71 | ||
| 035 | _a(OCoLC)20383274 | ||
| 040 |
_aDLC _cWaU _dWaU _dDLC |
||
| 041 | 0 | _aaraurd | |
| 050 | 0 | 0 |
_aPJ7741.I16 _bM8 |
| 100 | 2 |
_aIbn al-Dumaynah, ʻAbd Allāh ibn ʻUbayd Allāh, _d-approximately 747. |
|
| 245 | 1 | 3 |
_aal-Mukhtār min shiʻr Ibn al-Dumaynah, _cikhtiyār Abī Bakr Muḥammad wa-Abī ʻUthmān Saʻīd ibnay Hāshim al-maʻrūf[īn] bi-al-Ikhtiyārīn. ʼUniyá bi-nashrihi wa-taḥqīqihi wa-waḍʼ fahārisahu Mukhtār al-Dīn Aḥmad. |
| 260 |
_a[ʻAlīgarh] _bMaʻhad al-Dirāsāt al-Islāmīyah bi-Jāmiʻat ʻAlīgarh _c[1963] |
||
| 300 |
_a3, 19, 78 p. _c25 cm. |
||
| 490 | 1 |
_aSilsilat maṭbūʻāt al-Maʻhad lil-Dirāsāt al-Islāmīyah, _v10 |
|
| 500 | _aIntrod. in Urdu. | ||
| 500 | _aCover title: al-Mukhtar min shʼr Ibn Dammīnah [by] Khālidayn. | ||
| 504 | _aBibliography: p. [70]-74. | ||
| 700 | 1 |
_aKhālidī, Muḥammad ibn Hāshim, _d-approximately 990, _ecomp. |
|
| 700 | 1 |
_aKhālidī, Saʻīd ibn Hāshim, _d-981 or 982. |
|
| 700 | 0 |
_aMukhtār al-Dīn, Aḥmad, _eed. |
|
| 810 | 2 |
_aAligarh Muslim University. _bInstitute of Islamic Studies. _tPublication ; _v10. |
|
| 999 |
_c88523 _d88523 |
||